000 01612nam a2200481 i 4500
001 19988
003 KOSZ 005
005 20220715082812.0
008 000114s1981 pl a f |001 0 pol
015 _aPB 1981/6571
020 _a8320402018
035 _a991012664519705066
035 _a(PL-WaBN)b13424178-48omnis_nlop
035 _ab13424178
035 _a(OCoLC)830204585
035 _a(PL)b0000001342417
035 _a(EXLNZ-48OMNIS_NETWORK)9910234739005606
040 _aWA N
_cWA N
_dKOSZ 005/EG
041 0 _apol
046 _k1968
080 _a678.4
245 1 0 _aGuma :
_bporadnik inżyniera i technika : praca zbiorowa /
_c[aut. B[arbara] Antczak [et al.] ; koordynator Robert Gaczyński].
250 _aWyd. 2 popr. i uaktual.
260 _aWarszawa :
_bWydawnictwa Naukowo-Techniczne,
_c1981.
300 _a767, [1] s., [2] k. tabl. :
_bil., tab., wykr., err. ;
_c21 cm.
336 _2rdacontent
_aTekst
_btxt
337 _2rdamedia
_aBez urządzenia pośredniczącego
_bn
338 _2rdacarrier
_aWolumin
_bnc
380 _aKsiążki
388 _a1901-2000
388 _a1945-1989
504 _aBibliogr. przy rozdz. - Indeks.
650 7 _aGuma
_2DBN
655 7 _aPoradnik
_2DBN
658 _aChemia
658 _aInżynieria i technika
700 1 _aAntczak, Barbara
_eAutor
700 1 _aGaczyński, Robert
_eRedakcja
710 2 _aWydawnictwa Naukowo-Techniczne
856 _uhttp://koha.tu.koszalin.pl/cgi-bin/koha/opac-detail.pl?biblionumber=19988
_yKatalog online BPK
942 _2UKD
_cKS
999 _c19988
_d19988